Music Quiz

Random Music or Clip Quiz

Is That a DUDE Singing? Quiz Stats

Quiz Updated Oct 17, 2016

Challenge
Share
Tweet
Score 0/40 Timer 14:00
1 Play Today
Time Gender (Type 'M' or 'F') % Correct
1:03???
80.8%
0:00???
79.7%
1:50???
79.7%
2:12???
78.3%
5:05???
77.7%
1:40???
77.4%
1:26???
74.5%
0:50???
74.4%
3:05???
71.9%
6:35???
71%
4:35???
69.6%
6:14???
68.7%
3:28???
67.7%
4:56???
67.2%
3:43???
65.7%
6:46???
65.2%
3:57???
64.9%
6:03???
64.5%
0:18???
64.1%
1:15???
60.5%
Time Gender (Type 'M' or 'F') % Correct
5:23???
59.5%
2:37???
59%
7:34???
57.6%
5:14???
55.5%
5:36???
54.9%
0:08???
53.2%
2:52???
51.6%
7:11???
49.7%
0:41???
48.3%
2:24???
47.2%
4:44???
44.9%
0:28???
44.6%
4:10???
36.2%
5:49???
34%
6:58???
31.6%
7:20???
28.3%
4:23???
27.6%
6:26???
26.2%
3:18???
18.9%
2:00???
16.3%

You're not logged in!

Compare scores with friends on all Sporcle quizzes.
Sign Up with Email
OR
Log In

You Might Also Like...

Show Comments

Extras

Top Quizzes Today


Score Distribution

Your Account Isn't Verified!

In order to create a playlist on Sporcle, you need to verify the email address you used during registration. Go to your Sporcle Settings to finish the process.